Природопользование. Методологические основы

Chi tiết về thư mục
Tác giả chính: Лотош В. Е. Валерий Ефимович
Tác giả của công ty: Уральский государственный университет путей сообщения
Tóm tắt:Рассмотрены логические основы сбора, классификации и хранения информации, оценка точности ее измерения, приемы обработки и анализа. Издание предназначено для аспирантов, занимающихся проблемой защиты окружающей среды, и студентов, изучающих дисциплины «Инженерная защита окружающей среды», «Охрана окружающей среды и рациональное использование природных ресурсов» и дисциплины смежных специальностей. Монография также может быть полезна специалистам, занятым в сфере природопользования.
Ngôn ngữ:Tiếng Nga
Được phát hành: Екатеринбург, Изд-во УрГУПС, 2006
Phiên bản:2-е изд., испр. и доп.
Những chủ đề:
Định dạng: Sách
KOHA link:https://koha.lib.tpu.ru/cgi-bin/koha/opac-detail.pl?biblionumber=97936

MARC

LEADER 00000nam0a2200000 4500
001 97936
005 20231101214148.0
010 |a 59461404402 
035 |a (RuTPU)RU\TPU\book\104976 
090 |a 97936 
100 |a 20060607d2006 k y0rusy50 ca 
101 0 |a rus 
102 |a RU 
105 |a y z 001zy 
200 1 |a Природопользование. Методологические основы  |f В. Е. Лотош  |g Уральский государственный университет путей сообщения 
205 |a 2-е изд., испр. и доп. 
210 |a Екатеринбург  |c Изд-во УрГУПС  |d 2006 
215 |a 158 с. 
320 |a Библиогр.: с. 155-156. 
330 |a Рассмотрены логические основы сбора, классификации и хранения информации, оценка точности ее измерения, приемы обработки и анализа. Издание предназначено для аспирантов, занимающихся проблемой защиты окружающей среды, и студентов, изучающих дисциплины «Инженерная защита окружающей среды», «Охрана окружающей среды и рациональное использование природных ресурсов» и дисциплины смежных специальностей. Монография также может быть полезна специалистам, занятым в сфере природопользования. 
610 1 |a природопользование 
610 1 |a формальная логика 
610 1 |a понятие 
610 1 |a суждение 
610 1 |a умозаключение 
610 1 |a доказательство 
610 1 |a опровержение 
610 1 |a учебные пособия 
675 |a 504.062(07)  |v 3 
700 1 |a Лотош  |b В. Е.  |g Валерий Ефимович 
712 0 2 |a Уральский государственный университет путей сообщения  |2 stltpush  |3 (RuTPU)RU\TPU\col\10693  |9 24907 
801 1 |a RU  |b 63413507  |c 20060607  |g PSBO 
801 2 |a RU  |b 63413507  |c 20150827  |g PSBO 
900 |a Рациональное природопользование 
942 |c BK 
959 |a 52/20060607  |d 5  |e 150,00  |f НФ:2  |f УФ:3